000 00737nam a2200229 4500
003 OSt
005 20240725083126.0
006 a
008 240725b |||||||| |||| 00| 0 eng d
020 _a9780323048118
040 _aDWCL-Main lib.
_cOC
082 _2Fifth edition
_aCirc. 610.73 G459t 2008
100 _aGiger, Joyce Newman
245 _aTranscultural nursing : assessment and intervention /
250 _aFifth edition
260 _aSt. Louis, Missouri :
_bMosby Elsevier,
_cc2008.
300 _axix,
_b(various paging) ;
_c23 cm.
504 _aIncludes bibliographical references & index.
650 _a1. Transcultural nursing.
650 _a2. Nursing assessment.
942 _2ddc
_n0
_cBK-CIRC
_eFifth edition
_kCirc.
999 _c2755
_d2755